| 000 | 00632nam a2200253Ia 4500 | ||
|---|---|---|---|
| 003 | 0100 | ||
| 005 | 20161214105030.0 | ||
| 008 | 130307s9999 xx 000 0 und d | ||
| 020 | _a0385032927 | ||
| 040 | _cARRUPELIB | ||
| 050 | _aBX2350.M541 1974 | ||
| 100 |
_aMerton, Thomas _914833 |
||
| 245 | 2 | _aA Thomas Merton reader | |
| 250 | _aRev. ed. | ||
| 260 | _aNew York | ||
| 260 | _bImage Books | ||
| 260 | _c1974. | ||
| 300 | _a516 p. | ||
| 300 | _b18 cm. | ||
| 650 |
_bItaly--History--Renaissance _928048 |
||
| 650 |
_cRenaissance--Italy _928049 |
||
| 700 |
_aMcDonnell, Thomas P _928050 |
||
| 942 |
_2lcc _cMONOGRAPH |
||
| 999 |
_c100640 _d100640 |
||